| LEADER | 00562cam a2200145 7i4500 | ||
|---|---|---|---|
| 001 | 0000015177 | ||
| 005 | 20050329090000.0 | ||
| 020 | 0 | 0 | |a 967-70-0825-0 |
| 090 | 0 | 0 | |a T 382.7 |b MAL (M) |
| 245 | 0 | 4 | |a The Malaysian trade classification and customs duties order : |b including 2005 budget amendments all : |b including 2005 budget amendments all : |b all amendments up to 6 January 2005. |
| 260 | 0 | 0 | |a Kuala Lumpur: |b Maju Daya Cipta, |c 2005. |
| 300 | # | # | |a 907 p. |
| 650 | 0 | 0 | |a Tariff -- |z Malaysia |
| 651 | 0 | 0 | |a Malaysia |
| 999 | |a PNG000180B |b Book |c Tariffs |e MATRADE Northern Regional Office | ||


